Normal view MARC view
  • Diamond smuggling

Entry Topical Term

Number of records used in: 3

001 - CONTROL NUMBER

  • control field: 7581

003 - CONTROL NUMBER IDENTIFIER

  • control field: NUST

005 - DATE AND TIME OF LATEST TRANSACTION

  • control field: 20171226111100.0

008 - FIXED-LENGTH DATA ELEMENTS

  • fixed length control field: 171226|| aca||aabn | a|a d

040 ## - CATALOGING SOURCE

  • Original cataloging agency: NUST
  • Transcribing agency: NUST

150 ## - HEADING--TOPICAL TERM

  • Topical term or geographic name entry element: Diamond smuggling
  • Form subdivision: Fiction.

670 ## - SOURCE DATA FOUND

  • Source citation: Work cat.: (NUST)0: Ward, Robert, 1943- 7578, Total immunity /, 2009.
© 2023 Central Library, National University of Sciences and Technology. All Rights Reserved.